| 000 | 00659cam a2200205 4500 | ||
|---|---|---|---|
| 001 | WB3545-09 | ||
| 008 | 000000n1999 000 0 eng u | ||
| 035 | _a(Sirsi) u102229 | ||
| 245 | _aGolden economy forecast by OECD | ||
| 260 | _c1999 | ||
| 490 |
_aFinancial Times _v17 November 1999, 5(1) |
||
| 520 | _aPresents the findings of a report from the Organisation for Economic Co-operation and Development, which shows the UK economy in a positive light with the possibilIty of further growth. | ||
| 590 | _aWB | ||
| 650 | _aECONOMY | ||
| 650 | _aOECD | ||
| 650 | _aFORECASTS | ||
| 650 | _aINFLATION | ||
| 690 | _aECONOMIC AND SOCIAL | ||
| 942 | _n0 | ||
| 999 |
_c61273 _d61273 |
||